Exportwege neu - Kursbuch 3 Wirtschaftsdeutsch

Saved in:
Bibliographic Details
Main Author: Volgnandt, Gabriele
Other Authors: Volgnandt, Dieter
Format: Book
Language:German
Published: [Leipzig] SCHUBERT-Verlag 2010
Edition:1. Auflage
Subjects:
Tags: Add Tag
No Tags, Be the first to tag this record!

MARC

LEADER 00000nam a2200000 4500
001 0191313
005 20240229075416.2
020 |a 978-3-941323-04-9 
041 0 |a ger 
044 |a DE 
245 1 0 |a Exportwege neu - Kursbuch 3  |b Wirtschaftsdeutsch  |c Gabriele Volgnandt, Dieter Volgnandt 
250 |a 1. Auflage 
264 1 |a [Leipzig]  |b SCHUBERT-Verlag  |c 2010 
300 |a 244 s.  |e 2 CD-ROM 
610 2 0 |a jazykoveda 
610 2 0 |a terminológia 
610 2 0 |a jazyky cudzie 
610 2 0 |a nemčina 
610 2 0 |a politika hospodárska 
610 2 0 |a reklama 
610 2 0 |a zákazníci 
610 2 0 |a obchod zahraničný 
610 2 0 |a trh 
610 2 0 |a odbyt 
610 2 0 |a technológie nové 
610 2 0 |a ochrana prostredia životného 
610 2 0 |a logistika 
610 2 0 |a Nemecko 
610 2 0 |a Európa 
100 1 |a Volgnandt, Gabriele 
700 1 |a Volgnandt, Dieter